Greek Letters - Statistics

General Stats
  • This quiz has been taken 93 times
  • The average score is 20 of 24
Answer Stats
Symbol Letter % Correct
Α α Alpha
100%
Β β Beta
100%
Ω ω Omega
98%
Δ δ Delta
95%
Π π Pi
92%
Ε ε Epsilon
90%
Γ γ Gamma
90%
Κ ᴷ Kappa
90%
Ζ ζ Zeta
90%
Σ σ Sigma
87%
Θ θ Theta
84%
Ι ι Iota
82%
Μ μ Mu
81%
Φ φ Phi
81%
Λ λ Lambda
77%
Ο o Omicron
77%
Χ χ Chi
74%
Η η Eta
74%
Ρ ρ Rho
74%
Τ τ Tau
74%
Ν ν Nu
73%
Ψ ψ Psi
71%
Ξ ξ Xi
65%
Y υ Upsilon
61%
No matching quizzes found
Score Distribution
Percent of People with Each Score
Percentile by Number Answered
Your Score History
You have not taken this quiz